000 00823cam a22002531 4500
999 _c23136
_d23136
001 7063533
003 OSt
005 20200512113539.0
008 750815s1966 nyu 000 0 eng
010 _a 66001494
035 _a(OCoLC)1550743
040 _aDLC
_coclc
_dOCoLC
_dDLC
042 _apremarc
050 0 0 _aBP166.1
_b.W4 1966
082 _a297.2
_bWEN/M
100 _aWensinck, A J
_q(Arent Jan),
_d1882-1939.
_92216
245 1 4 _aThe Muslim creed :
_bits genesis and historical development /
_cA J Wensinck
260 _aNew York,
_bBarnes & Noble
_c[1965, i.e. 1966]
300 _a304 p.
_c21 cm.
500 _a"First published 1932."
504 _aBibliography: p. [281]-285.
906 _a7
_bcbc
_coclcrpl
_du
_encip
_f19
_gy-gencatlg
942 _2ddc
_cBK
_h297.2
_iWEN/M
_k297.2
_mWEN/M